Estudios de derecho electoral

Detalles Bibliográficos
Autor principal: Moreno Yanes, Jorge
Formato: eBook
Lenguaje:español
Publicado: Cuenca: Universidad de Cuenca, 2017
Materias:
Acceso en línea:Acceso restringido

MARC

LEADER 00000nam a22000007a 4500
005 20200701233819.0
007 cr|||| ||||
008 200701s2017 ec |||||s|||| 00||0 spa d
020 |a 978-9978-14-345-2 
035 |a 31765 
040 |a vLex 
090 |c 10608  |d 10608 
100 1 |a Moreno Yanes, Jorge 
245 1 0 |a Estudios de derecho electoral  |h [Recurso electrn̤ico] /  |c Jorge Moreno Yanes 
256 |a Servicio en ln̕ea 
260 |a Cuenca:  |b Universidad de Cuenca,  |c 2017 
300 |a 1 recurso electrn̤ico 
500 |a Circunscripciones electorales y mťodos de adjudicacin̤ de escaǫs para la integracin̤ de la Asamblea Nacional en el Ecuador Al aproximarse el proceso electoral en el Ecuador —2017— para renovar las dignidades de eleccin̤ popular como son presidente, vicepresidente de la Repb︢lica y representantes a la Asamblea Nacional, nos pareci ̤que era nuestra obligacin̤ exteriorizar desde la academia la posicin̤ jurd̕ica respecto de las circunscripciones electorales y el mťodo de adjudicacin̤ de escaǫs en el sistema electoral consagrado en nuestro ordenamiento jurd̕ico para la eleccin̤ de representantes a la Asamblea Nacional. El presente trabajo consistir ̀en una breve reflexin̤ sobre la doctrina para luego explicar la esfera jurd̕ica en el Ecuador teniendo como marco referencial el rǧimen de transicin̤ y varias normas previstas en la vigente Constitucin̤, y, como es lg̤ico, el desarrollo normativo que el legislador ordinario regul ̤en la Ley1, las reformas a este cuerpo legal, sus efectos polt̕icos jurd̕icos, el pronunciamiento de la Corte Constitucional sobre el mťodo D’Hondt para concluir con cuadros estads̕ticos sustentados en algunos datos de los sufragios de los aǫs 2009 y 2013 en referencia a los mťodos electorales Hare, Webster, D’Hondt y su repercusin̤ en los circuitos electorales. 
506 1 |a Disponible solo en los productos indicados  |d vLex Global  |d vLex Global (Academic Edition, excluding Law Schools)  |d vLex Global (U.S. Academic Edition, Law Schools)  |d vLex Global (U.S. Academic Edition, excluding Law Schools)  |d vLex Global (Academic Edition, Law Schools) 
650 0 4 |a Derecho Constitucional  |z Ecuador 
650 0 4 |a Rǧimen Electoral  |z Ecuador 
740 0 |a vLex Libros (Servicio en ln̕ea) 
856 4 0 |u http://vlex.com/source/estudios-de-derecho-electoral-circunscripciones-electorales-y-metodos-de-adjudicacion-de-esca-os-para-la-integracion-de-la-asamblea-nacional-en-el-ecuador-31765  |z Acceso restringido 
942 |c BOOK 
999 0 |a Constitutional Law 
999 0 |a Electoral Regime